Physiology of Behavior (Record no. 2544)
[ view plain ]
| 000 -LEADER | |
|---|---|
| fixed length control field | 00980nam a22001937a 4500 |
| 020 ## - INTERNATIONAL STANDARD BOOK NUMBER | |
| International Standard Book Number | 0205239390 |
| 082 ## - DEWEY DECIMAL CLASSIFICATION NUMBER | |
| Classification number | 152 |
| 100 ## - MAIN ENTRY--PERSONAL NAME | |
| Personal name | Carlson,Neil R |
| 245 ## - TITLE STATEMENT | |
| Title | Physiology of Behavior |
| 250 ## - EDITION STATEMENT | |
| Edition statement | 11th |
| 260 ## - PUBLICATION, DISTRIBUTION, ETC. | |
| Place of publication, distribution, etc. | Boston |
| Name of publisher, distributor, etc. | Pearson |
| Date of publication, distribution, etc. | 2013 |
| 300 ## - PHYSICAL DESCRIPTION | |
| Extent | 748 |
| 942 ## - ADDED ENTRY ELEMENTS (KOHA) | |
| Koha item type | Book |
| Withdrawn status | Lost status | Damaged status | Not for loan | Collection code | Permanent Location | Current Location | Shelving location | Date acquired | Total Checkouts | Total Renewals | Full call number | Barcode | Checked out | Date last seen | Date last checked out | Price effective from | Koha item type | Source of classification or shelving scheme |
|---|---|---|---|---|---|---|---|---|---|---|---|---|---|---|---|---|---|---|
| Central Library (CL) | Central Library (CL) | General Stacks | 01/26/2016 | 2 | 2 | 152 CAR | S3H-P-29 | 06/03/2026 | 03/06/2026 | 03/06/2026 | 01/26/2016 | Book | ||||||
| Central Library (CL) | Central Library (CL) | General Stacks | 11/28/2016 | 152 CAR | S3H-P-26 | 11/28/2016 | 11/28/2016 | Book | ||||||||||
| Central Library (CL) | Central Library (CL) | General Stacks | 11/28/2016 | 152 CAR | S3H-P-27 | 11/28/2016 | 11/28/2016 | Book | ||||||||||
| Central Library (CL) | Central Library (CL) | General Stacks | 11/28/2016 | 1 | 152 CAR | S3H-P-30 | 06/22/2021 | 11/02/2020 | 11/28/2016 | Book | ||||||||
| Central Library (CL) | Central Library (CL) | General Stacks | 03/28/2017 | 4 | 9 | 152 CAR | S3H-S-38 | 05/05/2025 | 10/08/2024 | 10/08/2024 | 03/28/2017 | Book |
